Tariff. Hearing on H.R. 7456, an Act to Provide Revenue, to Regulate Commerce with Foreign Countries, to Encourage the Industries of the U.S., and for other Purposes. Part 16. Schedule 1 -- Chemicals, Oils, and Paints.

Committee print, unrevised.

Bibliographic Details
Corporate Authors: United States. Congress. Senate. Committee on Finance, ProQuest (Firm)
Format: Government Document eBook
Language:English
Published: [Place of publication not identified] : [publisher not identified], 1921.
Series:U.S. Congressional Research.
Subjects:
Online Access:Connect to the full text of this electronic book

MARC

Tag First Indicator Second Indicator Subfields
LEADER 00000cam a22000001a 4500
001 in00003300813
006 m d f
007 cr bn mmmapmmp
008 100410s1921 dcu o f000 0 eng d
005 20260501140332.4
035 |a cis2007823518 
040 |a LexisNexis  |c LexisNexis  |d UtOrBLW 
043 |a n-us--- 
086 0 |a Y 4.F 49:T 17/47-16 
099 |a CMP-1921-FNS-0029 
110 1 |a United States.  |b Congress.  |b Senate.  |b Committee on Finance. 
245 1 0 |a Tariff. Hearing on H.R. 7456, an Act to Provide Revenue, to Regulate Commerce with Foreign Countries, to Encourage the Industries of the U.S., and for other Purposes. Part 16. Schedule 1 -- Chemicals, Oils, and Paints. 
264 1 |a [Place of publication not identified] :  |b [publisher not identified],  |c 1921. 
300 |a 1 online resource. 
336 |a text  |b txt  |2 rdacontent 
337 |a computer  |b c  |2 rdamedia 
338 |a online resource  |b cr  |2 rdacarrier 
500 |a Record is based on bibliographic data in LexisNexis U.S. Congressional Research Digital Collection (last viewed Apr. 2010). Reuse except for individual research requires license from LexisNexis. 
500 |a Print. 
520 |a Committee print, unrevised. 
500 |a Electronic resource. 
650 0 |a Oils and fats. 
650 0 |a Paint. 
650 0 |a Tariff. 
655 7 |a Electronic books.  |2 local 
710 2 |a ProQuest (Firm) 
776 0 8 |i Microfiche version:   |a United States. Congress. Senate. Committee on Finance  |t Tariff. Hearing on H.R. 7456, an Act to Provide Revenue, to Regulate Commerce with Foreign Countries, to Encourage the Industries of the U.S., and for other Purposes. Part 16. Schedule 1 -- Chemicals, Oils, and Paints.  |o S3286 
830 0 |a U.S. Congressional Research. 
856 4 0 |u http://proxy.library.tamu.edu/login?url=https://congressional.proquest.com/congcomp/getdoc?CRDC-ID=CMP-1921-FNS-0029  |z Connect to the full text of this electronic book  |t 0 
999 |a MARS 
999 f f |s 31089c00-9f51-302a-bc62-18f28a0765bc  |i e5c437d6-fad6-3852-b9b6-bf6ffb03d588  |t 0 
952 f f |a Texas A&M University  |b College Station  |c Electronic Resources  |s www_evans  |d Available Online  |t 0  |e CMP-1921-FNS-0029  |h Other scheme 
998 f f |a CMP-1921-FNS-0029  |t 0  |l Available Online